000 00280nam a2200109Ia 4500
008 221009s9999 xx 000 0 und d
082 _a823/JOY
100 _aJoyce,James
_981183
245 2 _aA Portrait of The Artist As A Young Man
260 _bSudesh Sahitya Mandal
942 _cBK
999 _c64964
_d64964